| 000 | 00698nam a22002177a 4500 | ||
|---|---|---|---|
| 999 |
_c13910 _d13910 |
||
| 003 | AR-CdUCM | ||
| 008 | 190416b ||||| |||| 00| 0 spa d | ||
| 020 | _a958-958-45-1763-0 | ||
| 040 |
_aMUNICIPALIDAD PROVINCIAL DEL CUSCO _cBIBLIOTECA MUNICIPAL DEL CUSCO |
||
| 082 |
_aEP / 803 / _bH41 |
||
| 100 |
_aHeredia, María Fernanda. _932495 |
||
| 245 | _aFoto estudio corazón / | ||
| 260 |
_aColombia : _bGrupo editorial Norma, _c2008. |
||
| 300 |
_a175 paginas ; _c20 cm. |
||
| 440 |
_aColección torre de papel amarillo. _932518 |
||
| 505 | _aContenido :Foto estudio corazon ... | ||
| 650 |
_aCuentos _9217 |
||
| 650 |
_aHistorietas _910786 |
||
| 942 |
_2ddc _cLIBROS |
||
| 945 |
_arum _d2019-04-17 |
||